JAKIE MOŻE BYĆ MLEKO? - Statystyki

Ogólne statystyki
  • Ten quiz został rozwiązany 109 razy
    107 od ostatniego zresetowania
  • Średni wynik to 3 z 7
Statystyki odpowiedzi
Odpowiedź % Poprawnych
KROWIE
78%
KOZIE
73%
ZSIADŁE
44%
KOKOSOWE
41%
SOJOWE
41%
W PROSZKU
27%
SKISŁE
17%
Nie znaleziono quizów pasujących do podanych kryteriów
Rozkład punktacji
Procent ludzi z każdym wynikiem
Percentyl według liczby udzielonych odpowiedzi
Twoja historia wyników
Nie rozwiązałeś tego quizu od ostatniego zresetowania